Správny súdny poriadok úplné znenie zákona : právny stav k 1. februáru 2023 a s účinnosťou od 1. júna 2023

Bibliographic Details
Corporate Author: Slovensko (Author)
Format: Book
Language:Slovak
PhysicalDescription:115 strán 21 cm
Published: Šamorín Heuréka 2023
ISBN:9788081731587
Edition:7. vydanie
Series:Zákony (Heuréka)
Subjects:

MARC

LEADER 00000cam a2200000 4500
001 vtls012229049
003 SK-MaSNL
005 20260425225315.0
008 230505s2023 xo f l 000 0 slo
015 |a SNBI2023 
020 |a 9788081731587  |q (brožované) 
040 |a SNK  |b slo  |c SNK  |e rda 
041 0 |a slo 
043 |a e-xo--- 
044 |a xo  |c SK 
072 7 |a 351  |x Úlohy verejnej správy, správne opatrenia. Legislatíva  |2 konspekt 
080 |a 351.95  |2 2011 
080 |a (437.6)  |2 2011 
080 |a (094.5)  |2 2011 
110 1 |a Slovensko  |4 aut  |9 266955 
240 1 0 |a Správny súdny poriadok (2015, novela 2023) 
245 1 0 |a Správny súdny poriadok  |b úplné znenie zákona : právny stav k 1. februáru 2023 a s účinnosťou od 1. júna 2023 
250 |a 7. vydanie 
264 1 |a Šamorín  |b Heuréka  |c 2023 
300 |a 115 strán  |c 21 cm 
336 |a text  |b txt  |2 rdacontent 
337 |a bez média  |b n  |2 rdamedia 
338 |a zväzok  |b nc  |2 rdacarrier 
490 1 |a Zákony 
650 0 7 |a správne súdnictvo  |2 SNKPH  |9 69719 
650 0 7 |a Judicial review of administrative acts  |2 SNKPHeng  |9 328088 
651 7 |a Slovensko  |2 SNKPHgeo  |9 14231 
651 7 |a Slovakia  |2 SNKPHeng  |9 92630 
655 7 |a zákony  |2 SNKPH  |9 70186 
655 7 |a Laws  |2 SNKPHeng  |9 266957 
830 0 |a Zákony (Heuréka)  |9 311615 
852 |a Slovenská národná knižnica 
919 |a 978-80-8173-158-7 
954 |a odborná, vedecká literatúra pôvodná (slovenská)  |2 lita 
999 |c 644580  |d 646510 
952 |a SNK  |b SNK  |y PREZ  |7 0  |p 17A1533662  |o snkSC 203365  |i snk2023/12392  |8 0  |0 0  |1 0  |4 0  |d 2023-08-22  |f 1  |l 0  |r 2025-10-27 00:00:00  |w 2026-02-23